Представление документа в формате MARC21

Поле Инд. ПП Название Значение
Тип записи a
Библиографический уровень b
001 Контрольный номер RU/IS/BASE/128521823
005 Дата корректировки 20200630193127.0
084 a Индекс другой классификации/Индекс ББК 71
a Индекс другой классификации/Индекс ББК 87в
100 1_ a Автор Цветкова И. В.
245 10 a Заглавие Философская культура в современном обществе
504 a Библиография Библиогр.: с. 138 - 139
650 04 a Основная рубрика культурология
a Основная рубрика философия
653 0_ a Ключевые слова методология философии
a Ключевые слова современное общество
a Ключевые слова философская культура
a Ключевые слова философский язык
773 18 t Заглавие источника Общественные науки и современность
d Дата издания источника 2003
g Прочая информация № 5. - С. 131 - 139
w Контрольный № источника RU/IS/BASE/118154823
901 t Тип документа b